| 000 | 00626nam a22001577a 4500 | ||
|---|---|---|---|
| 003 | OSt | ||
| 005 | 20161102160803.0 | ||
| 008 | 161102b xxu||||| |||| 00| 0 eng d | ||
| 040 | _cRUA | ||
| 082 | _aFOR HOU 2015 B524 Or. | ||
| 100 |
_911113 _aHOUT CHANSETHEY; ហួត ចាន់សេដ្ឋី |
||
| 245 | _aPeam Kra Soab eco-tourism community management in koh kong province; ការគ្រប់គ្រងសហគមន៍អេកូទេសចរណ៍ពាមក្រសោប ខេត្តកោះកុង | ||
| 260 |
_aPhnom Penh _bRUA _c2015 |
||
| 300 |
_ax; 37p _bill. _c29cm. |
||
| 942 |
_2ddc _cFOR |
||
| 999 |
_c10688 _d10688 |
||